| 000 | 00384 a2200157 4500 | ||
|---|---|---|---|
| 001 | 75471 | ||
| 005 | 20260211141616.0 | ||
| 010 | _a978-989-570-347-0- | ||
| 090 | _a75471 | ||
| 100 | _a20260211d2024 c||y0pory50 ba | ||
| 200 |
_aQuando chega um beb _fRuth Behar _gil. Maribel Lechuga |
||
| 205 | _a1®ed | ||
| 210 |
_cAlma dos Livros _d2024 |
||
| 215 | _a32p. | ||
| 675 |
_a82 _v1®ed |
||
| 942 |
_cMON _n0 |
||